000
00204 a2200097 4500
001
19611
100
_a
Baer R M
245
_a
Digital villain
260
_a
_b
Addison Wesley
_c
1972
090
_c
14297
_d
14297
942
_a
NUST-CAE
_c
M
_c
4777
999
_c
254684
_d
254684